<?xml version="1.0" encoding="UTF-8"?><?xml-stylesheet type="text/xsl" href="static/style.xsl"?><OAI-PMH xmlns="http://www.openarchives.org/OAI/2.0/" xmlns:xsi="http://www.w3.org/2001/XMLSchema-instance" xsi:schemaLocation="http://www.openarchives.org/OAI/2.0/ http://www.openarchives.org/OAI/2.0/OAI-PMH.xsd"><responseDate>2026-04-17T07:58:38Z</responseDate><request verb="GetRecord" identifier="oai:www.recercat.cat:2072/421548" metadataPrefix="marc">https://recercat.cat/oai/request</request><GetRecord><record><header><identifier>oai:recercat.cat:2072/421548</identifier><datestamp>2025-05-19T19:29:22Z</datestamp><setSpec>com_2072_98</setSpec><setSpec>col_2072_378196</setSpec></header><metadata><record xmlns="http://www.loc.gov/MARC21/slim" xmlns:dcterms="http://purl.org/dc/terms/" xmlns:xsi="http://www.w3.org/2001/XMLSchema-instance" xmlns:doc="http://www.lyncode.com/xoai" xsi:schemaLocation="http://www.loc.gov/MARC21/slim http://www.loc.gov/standards/marcxml/schema/MARC21slim.xsd">
   <leader>00925njm 22002777a 4500</leader>
   <datafield ind2=" " ind1=" " tag="042">
      <subfield code="a">dc</subfield>
   </datafield>
   <datafield ind2=" " ind1=" " tag="720">
      <subfield code="a">Colominas-González, Elena</subfield>
      <subfield code="e">author</subfield>
   </datafield>
   <datafield ind2=" " ind1=" " tag="720">
      <subfield code="a">Universitat Autònoma de Barcelona. Departament de Medicina</subfield>
      <subfield code="e">author</subfield>
   </datafield>
   <datafield ind2=" " ind1=" " tag="720">
      <subfield code="a">Universitat Autònoma de Barcelona. Facultat de Medicina</subfield>
      <subfield code="e">author</subfield>
   </datafield>
   <datafield ind2=" " ind1=" " tag="260">
      <subfield code="c">2013</subfield>
   </datafield>
   <datafield ind2=" " ind1=" " tag="520">
      <subfield code="a">La adherencia al tratamiento antiviral de la hepatitis crónica C (HCC) es una variable importante en la obtención de la respuesta viral sostenida (RVS). El objetivo de este trabajo es evaluar el impacto de un programa de atención multidisciplinar (PAM) en la adherencia y eficacia del tratamiento de la HCC. Se incluyeron 447 pacientes tratados con peginterferón-alfa-2a y ribavirina y se clasificaron en tres grupos: grupo control (2003-2004, n=147), grupo PAM (2005-2006, n=131) y grupo Validación-PAM (2007-2009, n=169). La adherencia y los porcentajes de RVS fueron superiores en los pacientes incluidos en los grupos PAM (94.6% y 77.1%) y Validación-PAM (91.7% y 74.6%) en comparación con el grupo control (78.9% y 61.9%) (p 0.05 para todos los casos).</subfield>
   </datafield>
   <datafield ind2=" " ind1=" " tag="520">
      <subfield code="a">L'adherència al tractament antiviral de la hepatitis crònica C (HCC) es una variable important en l'assoliment de la resposta viral sostinguda (RVS). L'objectiu d'aquest treball es avaluar l'impacte d'un programa d'atenció multidisciplinari (PAM) en l'adherència i eficàcia del tractament de la HCC. Es varen incloure 447 pacients tractats amb peginterferó-alfa-2a i ribavirina i es varen classificar en tres grups: grup control (2003-2004, n=147), grup PAM (2005-2006, n=131) o grup Validació-PAM (2007-2009, n=169). L'adherència i el percentatges de RVS varen ser superiors en els pacients inclosos en els grups PAM (94.6% i 77.1%) i Validació-PAM (91.7% i 74.6%) en comparació amb el grup control (78.9% i 61.9%) (p 0.05 per a tots els casos).</subfield>
   </datafield>
   <datafield tag="653" ind2=" " ind1=" ">
      <subfield code="a">Hepatitis crònica activa Tractament</subfield>
   </datafield>
   <datafield ind2="0" ind1="0" tag="245">
      <subfield code="a">Un programa de atención multidisciplinar al paciente con hepatitis crónica C mejora la eficacia del tratamiento con peginterferon alfa-2a y ribavirina</subfield>
   </datafield>
</record></metadata></record></GetRecord></OAI-PMH>